Neurofibromatóza 2. typu z pohledu neurochirurga

Bibliographic Details
Main Authors: Haninec, Pavel, 1958- (Author), Plas, J. (Author), Zvěřina, E. (Author), Houšťava, Ladislav (Author)
Format: Article
Language:Slovak
Czech
PhysicalDescription:Obr. 2, res. angl., češ., lit. 27 zázn. v angl.
ISSN:1210-7859
Subjects:

MARC

LEADER 00000nab a2200000 a 4500
001 vtls000590210
003 SK-MaSNL
005 20260304090847.0
008 250425c1995 xo 0 slo
015 |a SNBRB19rr/mm-uuuuu 
035 |a CL0590349 
035 |a urn:nbn:sk:snk-abak4y 
035 |a (urnnbn)urn:nbn:sk:snk:ar-008fsg 
035 |a (uuid)29f8f64a-b41e-4c89-812f-cea2a777c3aa 
040 |a SNKBUCL  |b slo  |c SNKBUCL  |e AACR2 
041 0 |a cze 
044 |a xo  |c SK 
080 |a 616.833-006.03-056.7  |2 1981 
080 |a 616.83-089  |2 1981 
245 0 0 |a Neurofibromatóza 2. typu z pohledu neurochirurga  |c Pavel Haninec ... [et al.] 
300 |b Obr. 2, res. angl., češ., lit. 27 zázn. v angl. 
650 0 7 |a neurofibromatóza  |2 snkbucl  |9 16199 
650 0 7 |a neurochirurgia  |2 snkbucl  |9 2549 
655 7 |a články z novín a časopisov  |2 snkbucl  |9 267496 
700 1 |a Haninec, Pavel,  |d 1958-  |4 aut  |9 12634 
700 1 |a Plas, J.  |4 aut  |9 1144297 
700 1 |a Zvěřina, E.  |4 aut  |9 1145221 
700 1 |a Houšťava, Ladislav  |4 aut  |9 112892 
773 0 |t Česká a slovenská neurologie a neurochirurgie  |g Roč. 58/91, č. 5 (1995), s. 240-243  |x 1210-7859 
850 |a Slovenská národná knižnica 
852 |a Slovenská národná knižnica 
954 |a odborná, vedecká literatúra cudzojazyčná (svetová)  |2 lita 
958 |a article14 
958 |a OND 
958 |a RK 
958 |a MI 
958 |a NB 
958 |a NX 
958 |a EUIPO 
992 |a RBX 
999 |c 2813053  |d 2814983